00732nam a22002177a 4500999001900000005001700019010001500036020002600051035001400077037001300091082001200104100001800116245004600134250001200180260002500192270008900217300002800306500001800334942002600352952013600378 c180478d18047820210810122633.0 aENG-129734 a9789390394234c599.00 aEN-113266 bDBAD/PUB a658.049 aVarma, Sumati aInternational business /cby Sumati Varma a2nd ed. aNoidabPearsonc2021 a15th Floor, Tower-B, World Trade Tower, Plot No.1, Block-C, Sector-16bNoidae201301 axxxvi, 506p.c25cm(pbk) ainclude index 2ddccENh658.049mVAR 001040708NFICaLbLd2021-08-10eDBAD/PUBg599.00l6m11o658.049 VARpEN-113266r2025-12-15 00:00:00s2025-11-10t1v599.00yEN